NOESPORPRESUMIR : (Registro nro. 55981)
[ vista simple ]
| 000 -LEADER | |
|---|---|
| fixed length control field | 01127nam a2200205 a 4500 |
| 001 - CONTROL NUMBER | |
| control field | 55981 |
| 005 - DATE AND TIME OF LATEST TRANSACTION | |
| control field | 20180714051526.0 |
| 008 - FIXED-LENGTH DATA ELEMENTS--GENERAL INFORMATION | |
| fixed length control field | 140415s2011 mx 000 0 spa d |
| 041 ## - LANGUAGE CODE | |
| Language code of text/sound track or separate title | spa |
| 082 ## - DEWEY DECIMAL CLASSIFICATION NUMBER | |
| Classification number | 353.7 |
| Item number | GOB |
| 100 1# - MAIN ENTRY--PERSONAL NAME | |
| Personal name | GOBIERNO MUNICIPAL DE PUEBLA |
| 245 10 - TITLE STATEMENT | |
| Title | NOESPORPRESUMIR : |
| Remainder of title | MEMORIA DE NUESTRO TRABAJO 2008-2011 |
| 250 ## - EDITION STATEMENT | |
| Edition statement | 1a ed. |
| 260 ## - PUBLICATION, DISTRIBUTION, ETC. | |
| Place of publication, distribution, etc. | MEXICO : |
| Name of publisher, distributor, etc. | INSTITUTO MUNICIPAL DE ARTE Y CULTURA DE PUEBLA, |
| Date of publication, distribution, etc. | 2011 |
| 300 ## - PHYSICAL DESCRIPTION | |
| Extent | 79 |
| Dimensions | 11 x 1.7 x 16 |
| 490 ## - SERIES STATEMENT | |
| Series statement | SER. PUEBLA |
| Volume/sequential designation | COL. PERFILES |
| 500 ## - GENERAL NOTE | |
| General note | COLECCIÓN PUEBLA |
| 520 ## - SUMMARY, ETC. | |
| Summary, etc. | AQUI ESTA NUESTRO TRABAJO DE TRES AÑOS, UN INFORME DE LABORES REAL: DE COSAS QUE SUCEDIERON: QUE NOS SUCEDIERON. QUE SE HICIERON PARA TODOS, Y NO PARA CUALQUIER CIUDAD SINO PARA ESTA CIUDAD. ESTAMOS PRESUMIENDO PORQUE ESTAMOS ORGULLOSOS: TUVIMOS ACIERTOS Y TAMBIEN NOS E4QUIVOCAMOS Y A CADA COSA LE PUSIMOS NOMBRE Y CARA. LO QUE ESTA AQUI ES UNA PARTE, LA OTRA: LA DE LA GENTE Y SUS ANECDOTAS, LOS PROBLEMAS Y SUS SOLUCIONES, LAS HJORAS Y SUS DIAS, TODOS LOS DETALLES: CADA QUIEN LOS LLEVAR |
| 650 14 - SUBJECT ADDED ENTRY--TOPICAL TERM | |
| Topical term or geographic name entry element | ADMINISTRACION PUBLICA |
| General subdivision | PUEBLA |
| -- | CULTURA |
| -- | PUEBLA |
| Withdrawn status | Lost status | Source of classification or shelving scheme | Damaged status | Not for loan | Collection code | Home library | Current library | Shelving location | Date acquired | Source of acquisition | Inventory number | Total Checkouts | Full call number | Barcode | Date last seen | Price effective from | Koha item type |
|---|---|---|---|---|---|---|---|---|---|---|---|---|---|---|---|---|---|
| Dewey Decimal Classification | Consulta en sala | Puebla | Biblioteca Karol Wojtyla | Biblioteca Karol Wojtyla | Área de silencio | 03/12/2013 | Compra | 151000000000000000072453 | 353.7 GOB | 84143 | 05/01/2026 | 03/12/2013 | Libro |